[Event "European Senior Teams Chess Championship"]
[Site "Rogaska Slatina"]
[Date "2012.04.01"]
[Round "6.16"]
[White "Jones, Iolo C"]
[Black "Danner, Lambert"]
[Result "1-0"]
[WhiteElo "2246"]
[BlackElo "2090"]
[PlyCount "167"]
[EventDate "2012.03.27"]
[WhiteTeam "WLS"]
[BlackTeam "AUT - WIEN 2"]

1. d4 f5 2. Nc3 Nf6 3. Bg5 e6 4. e4 fxe4 5. Nxe4 Be7 6. Bxf6 Bxf6 7. Nf3 Nc6 8.
c3 d6 9. Bd3 Bd7 10. Qc2 Qe7 11. O-O-O O-O-O 12. Rhe1 h6 13. Kb1 g5 14. h3 Rhf8
15. Re2 Qg7 16. Ng3 Qg8 17. Bh7 Qh8 18. Be4 d5 19. Bg6 Qg8 20. Rde1 Bh8 21. Bh5
Kb8 22. Qg6 Qxg6+ 23. Bxg6 Rf6 24. Bh5 Rdf8 25. Bg4 Nd8 26. Nh5 Rg6 27. Kc1 b6
28. Ng3 c6 29. Ne5 Bxe5 30. dxe5 Rg7 31. Nh5 Rgf7 32. Nf6 Kc7 33. Rh1 Rg7 34.
Bh5 Nf7 35. Ng4 Rh8 36. f3 Kd8 37. h4 Ke7 38. Bxf7 Kxf7 39. hxg5 Rxg5 40. Rxh6
Rxh6 41. Nxh6+ Kg6 42. Ng4 Rh5 43. Nf2 c5 44. Nh3 Rh4 45. Re1 Bc6 46. Nf2 Kf5
47. Nh3 d4 48. cxd4 Rxd4 49. g4+ Kg6 50. Re3 Bd5 51. Ra3 a5 52. Ng1 Bc4 53. Nh3
Bf1 54. Nf2 Kg5 55. Rb3 b5 56. Ne4+ Rxe4 57. fxe4 Kxg4 58. Kd2 Kf4 59. Re3 c4
60. Re1 Bg2 61. a4 bxa4 62. Rc1 Kxe4 63. Rxc4+ Kxe5 64. Rxa4 Kd5 65. Rxa5+ Kc4
66. Ra6 Bd5 67. Rb6 Kc5 68. Rb8 Ba2 69. Kc3 Bd5 70. Rc8+ Kb5 71. b4 Kb6 72. Rc5
Ba2 73. Rc8 Kb7 74. Rf8 Kb6 75. Kd4 Kc6 76. Rb8 Kc7 77. Ra8 Bd5 78. Ra6 Kb7 79.
b5 Kc7 80. Kc5 Kb7 81. Ra3 Be4 82. Rg3 Ka7 83. Rg7+ Bb7 84. Re7 1-0

[Event "European Senior Teams Chess Championship"]
[Site "Rogaska Slatina"]
[Date "2012.04.01"]
[Round "6.16"]
[White "Mira, Helene"]
[Black "Thornton, John D"]
[Result "1/2-1/2"]
[WhiteElo "2083"]
[BlackElo "2036"]
[PlyCount "158"]
[EventDate "2012.03.27"]
[WhiteTeam "AUT - WIEN 2"]
[BlackTeam "WLS"]

1. Nf3 e6 2. c4 f5 3. g3 Nf6 4. Bg2 d5 5. d4 c6 6. O-O Bd6 7. b3 Qe7 8. Bb2 b6
9. Qc1 Bb7 10. Ne5 O-O 11. Nd2 Ne4 12. f3 Nxd2 13. Qxd2 Nd7 14. Nxd7 Qxd7 15.
e4 c5 16. cxd5 exd5 17. e5 Be7 18. f4 Rac8 19. Rac1 Ba6 20. Rfe1 Rfd8 21. Bf1
Qb7 22. Bd3 g6 23. Qe2 Bxd3 24. Qxd3 Rc7 25. Re2 Rdc8 26. Rec2 Kf8 27. h3 cxd4
28. Bxd4 Ba3 29. Rxc7 Rxc7 30. Rxc7 Qxc7 31. Qc3 Qxc3 32. Bxc3 Bc5+ 33. Kg2 Ke7
34. Kf3 Ke6 35. b4 Be7 36. b5 d4 37. Bxd4 Kd5 38. Ke3 Kc4 39. g4 Kxb5 40. Kd3
Kc6 41. gxf5 gxf5 42. Be3 a6 43. Bc1 Kd5 44. Be3 b5 45. Bb6 Bh4 46. Ba5 Bf2 47.
Bd2 Bb6 48. Be3 Bd8 49. Bc1 a5 50. Bd2 b4 51. Be3 a4 52. Bd2 Be7 53. Bc1 h5 54.
Bd2 Bc5 55. Be1 b3 56. axb3 axb3 57. Bd2 Bd4 58. Bb4 b2 59. Kc2 Be3 60. Kxb2
Bxf4 61. e6 Kxe6 62. Kc3 Bd6 63. Ba5 f4 64. Kd3 Kf5 65. Ke2 Ke4 66. Bb6 Ba3 67.
Bf2 Bc1 68. Bh4 Be3 69. Be1 f3+ 70. Kf1 Kf4 71. Bh4 Bc5 72. Be1 Bb6 73. Bh4 Ba7
74. Be1 Bd4 75. Bh4 Bb6 76. Be1 Bd8 77. Bf2 Bf6 78. Kg1 Bc3 79. Kf1 Bd2 1/2-1/2

[Event "European Senior Teams Chess Championship"]
[Site "Rogaska Slatina"]
[Date "2012.04.01"]
[Round "6.16"]
[White "Miles, Richard"]
[Black "Teichmeister, Sven"]
[Result "1-0"]
[WhiteElo "2083"]
[BlackElo "2039"]
[PlyCount "75"]
[EventDate "2012.03.27"]
[WhiteTeam "WLS"]
[BlackTeam "AUT - WIEN 2"]

1. Nf3 c5 2. e4 g6 3. d4 cxd4 4. Nxd4 Nc6 5. Nc3 Bg7 6. Be3 Nf6 7. Bc4 O-O 8.
Bb3 a5 9. f3 d5 10. Bxd5 Nxd5 11. exd5 Nb4 12. Nde2 e6 13. Kf2 Nxd5 14. Nxd5
Qxd5 15. Qxd5 exd5 16. Bd4 Bh6 17. h4 Re8 18. h5 g5 19. Nc3 Be6 20. Nb5 Rec8
21. c3 Ra6 22. Be5 Bf8 23. Rad1 d4 24. Nc7 Rb6 25. Nxe6 Rxb2+ 26. Kg3 fxe6 27.
Rxd4 Re2 28. Bf6 Bg7 29. Bxg7 Kxg7 30. Rd7+ Kf6 31. Rxh7 Rxc3 32. Rxb7 Rxa2 33.
Rh2 Ra4 34. Ra7 e5 35. h6 Rc8 36. h7 Rh8 37. Rh6+ Kf5 38. Rf7# 1-0

[Event "European Senior Teams Chess Championship"]
[Site "Rogaska Slatina"]
[Date "2012.04.01"]
[Round "6.16"]
[White "Titz, Herbert"]
[Black "Van Kemenade, Rudy"]
[Result "1/2-1/2"]
[WhiteElo "2024"]
[BlackElo "1984"]
[PlyCount "66"]
[EventDate "2012.03.27"]
[WhiteTeam "AUT - WIEN 2"]
[BlackTeam "WLS"]

1. e4 e5 2. Nf3 Nf6 3. Nxe5 d6 4. Nc4 Nxe4 5. d4 d5 6. Ne3 Qf6 7. Qe2 c6 8. c3
Be6 9. Nd2 Nxd2 10. Bxd2 Bd6 11. Ng4 Qe7 12. Ne5 O-O 13. Qe3 f6 14. Nd3 Qf7 15.
Qf3 Re8 16. O-O-O Nd7 17. Bf4 Bf8 18. g4 Nb6 19. Bg3 Qg6 20. h3 Qe4 21. Bg2 Bf7
22. Rhe1 Qxf3 23. Bxf3 Nc4 24. Bg2 h5 25. b3 Nd6 26. f3 hxg4 27. hxg4 Nb5 28.
Kc2 Rxe1 29. Rxe1 Re8 30. Rxe8 Bxe8 31. Bf1 Nd6 32. Nf4 g5 33. Ng2 Bg6+ 1/2-1/2

[Event "European Senior Teams Chess Championship"]
[Site "Rogaska Slatina"]
[Date "2012.04.01"]
[Round "6.17"]
[White "Hauge, Tor Arne"]
[Black "Mostertman, Loek"]
[Result "0-1"]
[WhiteElo "2124"]
[BlackElo "2058"]
[PlyCount "60"]
[EventDate "2012.03.27"]
[WhiteTeam "NOR 2"]
[BlackTeam "NED - ORANJE"]

1. e4 e5 2. Nf3 Nc6 3. Nc3 Nf6 4. g3 Bc5 5. Bg2 d6 6. O-O Bg4 7. d3 Qd7 8. Be3
Nd4 9. Bxd4 Bxd4 10. Qd2 Bb6 11. a4 a6 12. b4 a5 13. b5 O-O-O 14. Ne2 h5 15. c4
h4 16. Nxh4 Rxh4 17. gxh4 Rh8 18. Ra2 Rxh4 19. Qg5 Rh7 20. Ng3 Qe8 21. h3 Be6
22. Rd2 Qh8 23. Nf5 Kb8 24. Ne3 Rh5 25. Qg3 Qh6 26. f4 exf4 27. Rxf4 Bxh3 28.
Kf1 Bxg2+ 29. Rxg2 Rh1+ 30. Ke2 Nh5 0-1

[Event "European Senior Teams Chess Championship"]
[Site "Rogaska Slatina"]
[Date "2012.04.01"]
[Round "6.17"]
[White "Arp, Frans"]
[Black "Taksrud, Vidar"]
[Result "1-0"]
[WhiteElo "2070"]
[BlackElo "2075"]
[PlyCount "161"]
[EventDate "2012.03.27"]
[WhiteTeam "NED - ORANJE"]
[BlackTeam "NOR 2"]

1. e4 Nc6 2. d4 d5 3. e5 Bf5 4. Nf3 e6 5. c3 Nge7 6. Bd3 Bxd3 7. Qxd3 Qd7 8.
Na3 Nc8 9. Nc2 Nb6 10. b3 Be7 11. O-O O-O-O 12. Bf4 Rdg8 13. a4 g5 14. Be3 g4
15. Nd2 h5 16. a5 Na8 17. b4 a6 18. Rfb1 Na7 19. c4 dxc4 20. Qxc4 h4 21. Ne4
Qd5 22. Qxd5 exd5 23. Nc3 c6 24. Bf4 Kd7 25. Ne3 Ke6 26. g3 Nc7 27. Ne2 Nab5
28. gxh4 Rxh4 29. Bg3 Rh7 30. Rb3 Kd7 31. Rd1 Ne6 32. Nf5 Bd8 33. Nc3 Nxc3 34.
Rxc3 Ng5 35. Nd6 Nf3+ 36. Kg2 Bh4 37. Bf4 Bg5 38. Bg3 Bh4 39. h3 Bxg3 40. fxg3
Ng5 41. h4 Ne6 42. Nxb7 Rb8 43. Nc5+ Nxc5 44. bxc5 Rb2+ 45. Kg1 Rh8 46. Rf1
Rhb8 47. Rxf7+ Ke6 48. Rf6+ Ke7 49. Rc1 R8b3 50. Rf2 Rxg3+ 51. Kf1 Rb4 52. Rd1
Rh3 53. Kg2 Rbb3 54. Kg1 Rxh4 55. Rh2 Rg3+ 56. Kh1 Rxh2+ 57. Kxh2 Rh3+ 58. Kg2
Ra3 59. Rf1 Rxa5 60. Kg3 Ra3+ 61. Kxg4 Rd3 62. Kf5 a5 63. Ra1 Rf3+ 64. Kg4 Rd3
65. Rxa5 Ke6 66. Ra4 Rd1 67. Kf3 Kf5 68. Ke3 Rh1 69. Ra6 Rh3+ 70. Kf2 Ke4 71.
Rxc6 Kxd4 72. e6 Rh5 73. e7 Rf5+ 74. Kg3 Re5 75. Rc7 Ke3 76. c6 Rg5+ 77. Kh4
Rg8 78. Rd7 Kf4 79. Kh5 Kf5 80. Rxd5+ Ke6 81. Rd8 1-0

[Event "European Senior Teams Chess Championship"]
[Site "Rogaska Slatina"]
[Date "2012.04.01"]
[Round "6.18"]
[White "Ulker, Ates"]
[Black "Alkkiomaki, Jyrki"]
[Result "1-0"]
[WhiteElo "2068"]
[BlackElo "2033"]
[PlyCount "87"]
[EventDate "2012.03.27"]
[WhiteTeam "TUR"]
[BlackTeam "FIN - TURKU"]

1. e4 e5 2. Nf3 Nc6 3. Bb5 a6 4. Ba4 Nf6 5. O-O Be7 6. Re1 b5 7. Bb3 d6 8. c3
O-O 9. h3 Na5 10. Bc2 c5 11. d4 Qc7 12. Nbd2 cxd4 13. cxd4 Nc6 14. Nb3 a5 15.
Be3 a4 16. Nc1 Nb4 17. Bd3 Ba6 18. Bd2 Nxd3 19. Nxd3 Nd7 20. Rc1 Qb8 21. Bb4
Re8 22. dxe5 dxe5 23. Bxe7 Rxe7 24. Nb4 Bb7 25. Qd3 Nf6 26. Rc5 Rd7 27. Qxb5
Bxe4 28. Qxb8+ Rxb8 29. Nxe5 Rd2 30. a3 h6 31. Nc4 Rd7 32. f3 Bg6 33. Nc6 Rf8
34. Ne7+ Kh7 35. Nxg6 fxg6 36. Re2 Nh5 37. Rd2 Re7 38. Re5 Rc7 39. Ne3 Rff7 40.
Ra5 Ra7 41. Rxa7 Rxa7 42. Nd1 Nf4 43. Nc3 Ra5 44. Rd4 1-0

[Event "European Senior Teams Chess Championship"]
[Site "Rogaska Slatina"]
[Date "2012.04.01"]
[Round "6.18"]
[White "Rantanen, Veikko"]
[Black "Muratoglu, Salih"]
[Result "0-1"]
[WhiteElo "1934"]
[BlackElo "2055"]
[PlyCount "82"]
[EventDate "2012.03.27"]
[WhiteTeam "FIN - TURKU"]
[BlackTeam "TUR"]

1. e4 d6 2. d4 Nf6 3. Nc3 g6 4. Nf3 Bg7 5. Bc4 O-O 6. h3 a6 7. a4 c5 8. dxc5
Qa5 9. O-O Qxc5 10. Qe2 Nc6 11. Nd5 Nxd5 12. exd5 Ne5 13. Nxe5 dxe5 14. Be3 Qd6
15. c3 Bd7 16. Rfd1 Rac8 17. a5 f5 18. f3 g5 19. b4 h6 20. Bc5 Rxc5 21. bxc5
Qxc5+ 22. Kh1 Rc8 23. Bb3 Qxc3 24. Qa2 Kh7 25. d6 exd6 26. Rxd6 Bc6 27. Be6 Rf8
28. Rad1 e4 29. fxe4 Bxe4 30. Bd5 Qxh3+ 31. Kg1 Qe3+ 32. Qf2 Qc3 33. Bxe4 fxe4
34. Qe2 Qc5+ 35. Kh1 Qe5 36. Qh5 Qf5 37. R6d5 Qf4 38. Rd6 e3 39. Qg6+ Kh8 40.
Rd7 Qe5 41. R7d5 e2 0-1

[Event "European Senior Teams Chess Championship"]
[Site "Rogaska Slatina"]
[Date "2012.04.01"]
[Round "6.18"]
[White "Kayaman, Metin"]
[Black "Ranki, Martti"]
[Result "1-0"]
[WhiteElo "1938"]
[BlackElo "1915"]
[PlyCount "131"]
[EventDate "2012.03.27"]
[WhiteTeam "TUR"]
[BlackTeam "FIN - TURKU"]

1. d4 d5 2. c4 c6 3. Nf3 Nf6 4. Nc3 e6 5. Bg5 Be7 6. e3 Nbd7 7. Qc2 b6 8. Bd3
Bb7 9. O-O O-O 10. Rac1 Rc8 11. Qe2 Ne4 12. Bxe7 Nxc3 13. Rxc3 Qxe7 14. Rfc1 e5
15. dxe5 Nxe5 16. cxd5 cxd5 17. Nxe5 Qxe5 18. Rxc8 Rxc8 19. Rxc8+ Bxc8 20. Qc2
Be6 21. Bxh7+ Kf8 22. Bd3 d4 23. exd4 Qxd4 24. a3 Qe5 25. Qe2 Qc5 26. Qd1 g6
27. h3 Qd4 28. Qe2 a5 29. Qc2 Qe5 30. Qc3 Qg5 31. Bc4 Bd7 32. Bf1 Be6 33. Qd4
Qc5 34. Qxc5+ bxc5 35. f4 f6 36. Kf2 g5 37. fxg5 fxg5 38. Ke3 Ke7 39. g3 Kf6
40. h4 gxh4 41. gxh4 Bd5 42. Kf4 Bc6 43. Bd3 Be8 44. Bc2 Bh5 45. Be4 Bf7 46.
Bf3 Be8 47. h5 Bd7 48. Be4 Be8 49. h6 Bf7 50. h7 Kg7 51. Ke5 Bb3 52. Kd6 c4 53.
Kc5 a4 54. Kb4 Kh8 55. Kc3 Kg7 56. Bd5 Kxh7 57. Bxc4 Bd1 58. Bb5 Kg7 59. Kb4
Kf7 60. Bxa4 Bf3 61. Kc5 Ke7 62. b4 Kd8 63. Bc6 Be2 64. Kb6 Kc8 65. a4 Kb8 66.
a5 1-0

[Event "European Senior Teams Chess Championship"]
[Site "Rogaska Slatina"]
[Date "2012.04.01"]
[Round "6.19"]
[White "Mundal, Arnold"]
[Black "Fleuch, Hans-Juergen"]
[Result "1/2-1/2"]
[WhiteElo "2013"]
[BlackElo "2078"]
[PlyCount "66"]
[EventDate "2012.03.27"]
[WhiteTeam "NOR 5"]
[BlackTeam "GER - STIFTUNG BSW/DBAG"]

1. d4 Nf6 2. Nf3 d6 3. Bg5 g6 4. e3 Bg7 5. Nbd2 Nbd7 6. Bd3 O-O 7. O-O c5 8. c3
Re8 9. Qc2 b6 10. Rad1 Qc7 11. b4 cxb4 12. cxb4 Qxc2 13. Bxc2 Ba6 14. Rfe1 Rac8
15. Bb3 d5 16. Rc1 Bb7 17. h3 Rxc1 18. Rxc1 Rc8 19. Rxc8+ Bxc8 20. Ba4 e6 21.
Bf4 Bf8 22. b5 Ne8 23. Kf1 f6 24. Ke2 Nd6 25. Kd3 a6 26. bxa6 Bxa6+ 27. Kc3 b5
28. Bb3 Nb6 29. Ne1 Ndc4 30. Nd3 b4+ 31. Nxb4 Bxb4+ 32. Kxb4 Nxd2 33. Ka5 Bc4
1/2-1/2

[Event "European Senior Teams Chess Championship"]
[Site "Rogaska Slatina"]
[Date "2012.04.01"]
[Round "6.19"]
[White "Mai, Hartmut"]
[Black "Fossum, Widar"]
[Result "1/2-1/2"]
[WhiteElo "1937"]
[BlackElo "2040"]
[PlyCount "69"]
[EventDate "2012.03.27"]
[WhiteTeam "GER - STIFTUNG BSW/DBAG"]
[BlackTeam "NOR 5"]

1. d4 d5 2. Nf3 Nf6 3. Bf4 e6 4. e3 Bd6 5. Bd3 b6 6. Qe2 Bb7 7. Nbd2 a5 8. O-O
O-O 9. Ne5 Ne4 10. f3 Nxd2 11. Qxd2 Nd7 12. Nxd7 Qxd7 13. c3 Rac8 14. e4 Bxf4
15. Qxf4 c5 16. e5 cxd4 17. Qxd4 Qc7 18. Rac1 Qc5 19. f4 Qxd4+ 20. cxd4 Rxc1
21. Rxc1 Rc8 22. Rxc8+ Bxc8 23. f5 h6 24. h4 f6 25. Kf2 Kf7 26. h5 Bd7 27. Kg3
Ke7 28. Kf3 Bc6 29. Ke3 Be8 30. Kf2 Bc6 31. Kg3 Ba4 32. Kh4 Bd1 33. Kg3 Kd7 34.
Kh4 Ke7 35. Kg3 1/2-1/2

[Event "European Senior Teams Chess Championship"]
[Site "Rogaska Slatina"]
[Date "2012.04.01"]
[Round "6.19"]
[White "Lerstad, Bjorn"]
[Black "Fernengel, Rudolf"]
[Result "1/2-1/2"]
[WhiteElo "1902"]
[BlackElo "1833"]
[PlyCount "47"]
[EventDate "2012.03.27"]
[WhiteTeam "NOR 5"]
[BlackTeam "GER - STIFTUNG BSW/DBAG"]

1. d4 d5 2. c4 e6 3. Nc3 Nf6 4. Nf3 Nbd7 5. e3 c6 6. Bd2 Bd6 7. Rc1 Qe7 8. cxd5
exd5 9. Be2 O-O 10. O-O Re8 11. h3 Nf8 12. Bd3 Ne4 13. Be1 f5 14. Nd2 Qg5 15.
f4 Qe7 16. Ndxe4 fxe4 17. Be2 Bf5 18. Qb3 Kh8 19. Na4 Rab8 20. Qc2 Bc8 21. Nc3
Bd7 22. Kh1 Qf7 23. Qd1 g6 24. g3 1/2-1/2

[Event "European Senior Teams Chess Championship"]
[Site "Rogaska Slatina"]
[Date "2012.04.01"]
[Round "6.20"]
[White "Scholes, James E"]
[Black "Mckerracher, Douglas"]
[Result "1/2-1/2"]
[WhiteElo "2100"]
[BlackElo "2015"]
[PlyCount "59"]
[EventDate "2012.03.27"]
[WhiteTeam "ENG 3"]
[BlackTeam "SCO 2"]

1. Nf3 f5 2. d3 d5 3. c4 e6 4. g3 Nf6 5. Bg5 Be7 6. Nc3 d4 7. Nb5 Bb4+ 8. Bd2
Bxd2+ 9. Qxd2 c5 10. Qf4 Na6 11. Bg2 O-O 12. O-O Qe7 13. Qd6 Qxd6 14. Nxd6 Rd8
15. Nxc8 Raxc8 16. Ng5 Nc7 17. b3 b6 18. Nf3 Nd7 19. b4 h6 20. b5 Kf7 21. a4
Ne8 22. a5 Rc7 23. Ra2 Nef6 24. Rfa1 g5 25. axb6 axb6 26. Nd2 Rb8 27. Bc6 Ke7
28. Ra7 Rxa7 29. Rxa7 Rd8 30. Nf3 1/2-1/2

[Event "European Senior Teams Chess Championship"]
[Site "Rogaska Slatina"]
[Date "2012.04.01"]
[Round "6.20"]
[White "Marks, Ian A"]
[Black "Kendall, Paul S N"]
[Result "1/2-1/2"]
[WhiteElo "1891"]
[BlackElo "2042"]
[PlyCount "42"]
[EventDate "2012.03.27"]
[WhiteTeam "SCO 2"]
[BlackTeam "ENG 3"]

1. d4 Nf6 2. c4 e6 3. Nc3 Bb4 4. Qc2 Nc6 5. Nf3 O-O 6. Bg5 d6 7. a3 Bxc3+ 8.
Qxc3 h6 9. Bh4 Re8 10. e3 e5 11. O-O-O Qe7 12. Be2 a5 13. Rhe1 a4 14. Qc2 Bg4
15. h3 Bh5 16. g4 Bg6 17. Qc3 Na5 18. Nd2 Ne4 19. Bxe7 Nxc3 20. bxc3 Rxe7 21.
Nf3 f6 1/2-1/2

[Event "European Senior Teams Chess Championship"]
[Site "Rogaska Slatina"]
[Date "2012.04.01"]
[Round "6.20"]
[White "Wood, Peter R"]
[Black "Smith, Stephen H"]
[Result "1-0"]
[WhiteElo "1890"]
[BlackElo "1855"]
[PlyCount "107"]
[EventDate "2012.03.27"]
[WhiteTeam "ENG 3"]
[BlackTeam "SCO 2"]

1. e4 e6 2. d4 d5 3. e5 c5 4. c3 Nc6 5. Nf3 Qb6 6. a3 c4 7. Nbd2 Be7 8. g3 Bd7
9. Bg2 f6 10. Qe2 O-O-O 11. O-O f5 12. h4 Nh6 13. Ng5 Bxg5 14. hxg5 Nf7 15. Nf3
Na5 16. Bf4 g6 17. Nh4 Rdg8 18. Rfe1 Nb3 19. Rab1 Bc6 20. Nf3 h6 21. Qe3 Qd8
22. Kf1 Qe7 23. Ke2 hxg5 24. Bxg5 Nxg5 25. Qxg5 Kd7 26. Rh1 Qxg5 27. Nxg5 Ke7
28. Rbg1 a5 29. f4 a4 30. Bf3 Bd7 31. Kd1 Na5 32. Nh7 Rg7 33. Nf6 Rxh1 34. Rxh1
Nc6 35. g4 fxg4 36. Bxg4 Nd8 37. Ke2 Bc6 38. Rg1 Nf7 39. Bh5 Nh8 40. Ke3 Kf7
41. Bd1 Ke7 42. Bc2 Nf7 43. Rxg6 Rxg6 44. Bxg6 Nh6 45. Kf3 Nf5 46. Bh5 Nh4+ 47.
Kf2 Bb5 48. Bg4 Ng6 49. Kg3 Nf8 50. f5 exf5 51. Nxd5+ Kd8 52. Bxf5 Bc6 53. Nb4
Be8 54. Kf4 1-0

[Event "European Senior Teams Chess Championship"]
[Site "Rogaska Slatina"]
[Date "2012.04.01"]
[Round "6.21"]
[White "Strand, Oyvin"]
[Black "Niebuhr, Gerd"]
[Result "1/2-1/2"]
[WhiteElo "1988"]
[BlackElo "2079"]
[PlyCount "68"]
[EventDate "2012.03.27"]
[WhiteTeam "NOR 3"]
[BlackTeam "GER - FREIBAUER"]

1. d4 Nf6 2. Nf3 g6 3. e3 Bg7 4. b3 O-O 5. Bb2 d5 6. Bd3 c5 7. O-O Nbd7 8. Qe2
b6 9. Nbd2 Bb7 10. c4 Ne4 11. cxd5 Nxd2 12. Qxd2 Bxd5 13. e4 Bb7 14. d5 Bxb2
15. Qxb2 Qc7 16. Bc4 Qf4 17. Rfe1 Nf6 18. Re2 Nxe4 19. Rxe4 Qxe4 20. Re1 Qf4
21. Rxe7 Bc8 22. Nd2 Qd6 23. Re1 f5 24. Nf3 Bd7 25. a4 Rae8 26. Ne5 Re7 27. f4
Be8 28. Qf2 Kg7 29. h3 h5 30. Qf3 Bf7 31. Qg3 Rfe8 32. Qc3 Kg8 33. Bb5 Rd8 34.
Bc4 Rde8 1/2-1/2

[Event "European Senior Teams Chess Championship"]
[Site "Rogaska Slatina"]
[Date "2012.04.01"]
[Round "6.21"]
[White "Henrichsen, Erland"]
[Black "Juergens, Peter"]
[Result "1/2-1/2"]
[WhiteElo "1978"]
[BlackElo "1993"]
[PlyCount "33"]
[EventDate "2012.03.27"]
[WhiteTeam "NOR 3"]
[BlackTeam "GER - FREIBAUER"]

1. d4 e6 2. Nf3 Nf6 3. e3 b6 4. Bd3 Bb7 5. O-O d5 6. Nbd2 Be7 7. b3 O-O 8. Bb2
Nbd7 9. Ne5 Ne4 10. Bb5 Nxe5 11. dxe5 c5 12. Bd3 Nxd2 13. Qxd2 f6 14. Rad1 fxe5
15. Bxe5 Bf6 16. Bxf6 Qxf6 17. Qe2 1/2-1/2

[Event "European Senior Teams Chess Championship"]
[Site "Rogaska Slatina"]
[Date "2012.04.01"]
[Round "6.21"]
[White "Fritsch, Juergen Dr"]
[Black "Kverndal, Leif"]
[Result "1-0"]
[WhiteElo "1979"]
[BlackElo "1914"]
[PlyCount "119"]
[EventDate "2012.03.27"]
[WhiteTeam "GER - FREIBAUER"]
[BlackTeam "NOR 3"]

1. d4 d5 2. Nf3 g6 3. Bf4 Bg7 4. e3 c5 5. c3 c4 6. Nbd2 Nf6 7. Bxb8 Rxb8 8.
Qa4+ Bd7 9. Qxa7 O-O 10. b4 b5 11. Qa3 Ra8 12. Qb2 Qc7 13. Ne5 Ra4 14. Nxd7
Qxd7 15. f3 Bh6 16. e4 Rfa8 17. e5 Nh5 18. Nb1 f6 19. g3 fxe5 20. dxe5 Qa7 21.
a3 Be3 22. Bh3 d4 23. Be6+ Kf8 24. Bd5 Rd8 25. Be4 d3 26. Nd2 Ng7 27. Nf1 Ne6
28. f4 Nc7 29. Qg2 Rxa3 30. Rxa3 Qxa3 31. Nxe3 Qxc3+ 32. Qd2 Qa1+ 33. Kf2 Qd4
34. Kf3 c3 35. Qd1 Qxb4 36. Bxd3 Ne6 37. Qb1 Nd4+ 38. Kg4 Qc5 39. Nc2 h5+ 40.
Kh3 Qc8+ 41. f5 Nxf5 42. Be2 Ne3+ 43. Kh4 Ng2+ 44. Kg5 Kg7 45. Nb4 c2 46. Qxc2
Qxc2 47. Nxc2 Rd2 48. Bxh5 gxh5 49. Nb4 Ne3 50. Kxh5 Kf7 51. h4 Ke6 52. Re1 Nc4
53. Nc6 Kd7 54. Nb4 Ke6 55. g4 Nxe5 56. Nc6 Rd5 57. g5 Kd6 58. Nxe5 Rxe5 59.
Rxe5 Kxe5 60. g6 1-0

[Event "European Senior Teams Chess Championship"]
[Site "Rogaska Slatina"]
[Date "2012.04.01"]
[Round "6.22"]
[White "Johnsen, Oystein"]
[Black "Grahn, Lars"]
[Result "1-0"]
[WhiteElo "1899"]
[BlackElo "2058"]
[PlyCount "117"]
[EventDate "2012.03.27"]
[WhiteTeam "NOR 4"]
[BlackTeam "SWE 3"]

1. d4 f5 2. Nc3 Nf6 3. Bg5 d5 4. f3 Nc6 5. Qd2 e6 6. e4 Be7 7. exf5 exf5 8.
O-O-O O-O 9. Nh3 Bb4 10. Nf4 Qd6 11. Bxf6 Bxc3 12. bxc3 Rxf6 13. c4 Ne7 14. c5
Qd8 15. Bd3 b6 16. Rhe1 Ng6 17. Nxg6 hxg6 18. Re5 bxc5 19. Rde1 Qd6 20. c4 c6
21. Qf4 Bd7 22. dxc5 Qxc5 23. Re7 Qa3+ 24. Kd2 Qa5+ 25. Ke2 Qd8 26. Kf1 Rc8 27.
Qd4 Kf8 28. Qc5 Kg8 29. cxd5 cxd5 30. Qxa7 Rc7 31. Qa5 Rd6 32. Qb4 Bc6 33. Qh4
Rxe7 34. Qxe7 Qxe7 35. Rxe7 Rd7 36. Re6 Rc7 37. Rxg6 Bd7 38. Rd6 Kf7 39. Rxd5
Be6 40. Ra5 g6 41. a4 Rc3 42. Ke2 f4 43. Rg5 Ra3 44. a5 Ke7 45. a6 Bf7 46. Kd2
Kf6 47. Rc5 Be6 48. Rc7 Bd5 49. a7 g5 50. h3 Ke5 51. Rd7 Bc6 52. Rg7 Kd4 53.
Bc2 Ra2 54. Rc7 Ba8 55. Ke2 Ra5 56. Rd7+ Kc3 57. Be4 Re5 58. Rd8 Bb7 59. Kf2
1-0

[Event "European Senior Teams Chess Championship"]
[Site "Rogaska Slatina"]
[Date "2012.04.01"]
[Round "6.22"]
[White "Andersson, Kaj"]
[Black "Ovesen, Karsten"]
[Result "1-0"]
[WhiteElo "2058"]
[BlackElo "1893"]
[PlyCount "81"]
[EventDate "2012.03.27"]
[WhiteTeam "SWE 3"]
[BlackTeam "NOR 4"]

1. e4 c6 2. d4 d5 3. e5 Bf5 4. Nf3 e6 5. Be2 Ne7 6. O-O Bg6 7. c3 Nf5 8. b4 Nd7
9. Nbd2 a5 10. b5 c5 11. a4 cxd4 12. cxd4 Bb4 13. Qb3 O-O 14. Bb2 Rc8 15. Rac1
Nb6 16. h3 Qd7 17. g4 Ne7 18. Ba3 Rxc1 19. Rxc1 Bxa3 20. Qxa3 Rc8 21. Rc5 Na8
22. b6 Nxb6 23. Rxa5 h6 24. Rb5 Rc6 25. Qb4 Rc1+ 26. Kh2 Nc6 27. Qa3 Rc2 28.
Rxb6 Nxd4 29. Nxd4 Rxd2 30. Qb4 Qc7 31. Qxd2 Qxb6 32. Bb5 Qc7 33. Qe3 Qa5 34.
f4 Be4 35. Kg3 Qc7 36. Ne2 Qc2 37. Kh4 Qc7 38. Bd3 Qe7+ 39. Kg3 Qa3 40. Nc1 Bh7
41. Bxh7+ 1-0

[Event "European Senior Teams Chess Championship"]
[Site "Rogaska Slatina"]
[Date "2012.04.01"]
[Round "6.22"]
[White "Birkestrand, Odd"]
[Black "Andersson, Sven-Olof"]
[Result "1-0"]
[WhiteElo "1837"]
[BlackElo "2037"]
[PlyCount "109"]
[EventDate "2012.03.27"]
[WhiteTeam "NOR 4"]
[BlackTeam "SWE 3"]

1. e4 c5 2. c3 d5 3. exd5 Qxd5 4. d4 e5 5. dxe5 Qxe5+ 6. Be2 Nf6 7. Nf3 Qc7 8.
O-O Bd6 9. Bg5 Ne4 10. Qa4+ Nc6 11. Qxe4+ Be6 12. Bc4 O-O 13. Bxe6 fxe6 14.
Qxe6+ Kh8 15. Nbd2 Rae8 16. Qh3 Re2 17. Rae1 Rfe8 18. Rxe2 Rxe2 19. Re1 Rxe1+
20. Nxe1 h6 21. Be3 b6 22. Nef3 Ne5 23. Nxe5 Bxe5 24. Nf3 Bf4 25. Qe6 Bxe3 26.
Qxe3 Qd7 27. b3 Qf5 28. h3 Qb1+ 29. Kh2 Qxa2 30. c4 Qc2 31. Qe8+ Kh7 32. Qe3 a5
33. Ne5 a4 34. Qd3+ Qxd3 35. Nxd3 axb3 36. Nb2 Kg6 37. Kg3 Kf5 38. Kf3 Ke5 39.
Ke3 g5 40. g4 b5 41. cxb5 Kd5 42. b6 Kc6 43. b7 Kxb7 44. Kd3 Kc6 45. Kc4 Kd6
46. Kxb3 Ke5 47. Kc4 Kf4 48. Kxc5 Kf3 49. Nd3 Kg2 50. Kd5 Kxh3 51. Ne5 Kg2 52.
Nf7 Kxf2 53. Nxh6 Kf3 54. Ke5 Kg3 55. Kf5 1-0

[Event "European Senior Teams Chess Championship"]
[Site "Rogaska Slatina"]
[Date "2012.04.01"]
[Round "6.23"]
[White "Patola, Eero"]
[Black "Gustavsson, Sture"]
[Result "1/2-1/2"]
[WhiteElo "1930"]
[BlackElo "2018"]
[PlyCount "39"]
[EventDate "2012.03.27"]
[WhiteTeam "FIN - HELSINKI"]
[BlackTeam "SWE 4"]

1. e4 c5 2. c4 Nc6 3. Nc3 g6 4. g3 Bg7 5. Bg2 e6 6. Nge2 Nge7 7. O-O O-O 8. d3
a6 9. Be3 Nd4 10. Qd2 Rb8 11. Bh6 Nec6 12. Bxg7 Kxg7 13. Nxd4 Nxd4 14. Ne2
Nxe2+ 15. Qxe2 e5 16. Qe3 d6 17. f4 f6 18. Rab1 Bd7 19. b4 b6 20. a3 1/2-1/2

[Event "European Senior Teams Chess Championship"]
[Site "Rogaska Slatina"]
[Date "2012.04.01"]
[Round "6.23"]
[White "Stahle, Sten"]
[Black "Sandklef, Ake"]
[Result "0-1"]
[WhiteElo "1735"]
[BlackElo "1993"]
[PlyCount "132"]
[EventDate "2012.03.27"]
[WhiteTeam "FIN - HELSINKI"]
[BlackTeam "SWE 4"]

1. e4 e6 2. d4 d5 3. Nc3 Bb4 4. e5 c5 5. Bd2 Ne7 6. Nb5 Bxd2+ 7. Qxd2 O-O 8. f4
cxd4 9. Nf3 Nbc6 10. Bd3 Qb6 11. O-O-O Bd7 12. g4 a6 13. Nd6 Nb4 14. Kb1 Nxd3
15. Qxd3 Ng6 16. Qxd4 Qxd4 17. Rxd4 b5 18. h4 Ne7 19. h5 f6 20. exf6 Rxf6 21.
Ne5 Be8 22. g5 Rf8 23. h6 Nf5 24. Nxf5 Rxf5 25. hxg7 Kxg7 26. Rh6 Bg6 27. Kc1
Raf8 28. Rh4 Rc8 29. Kd2 Rxe5 30. fxe5 Rxc2+ 31. Ke3 Rxb2 32. Rd2 Rxd2 33. Kxd2
a5 34. Kc3 Bb1 35. a3 Kg6 36. Kd4 Kxg5 37. Rh1 Be4 38. Rc1 b4 39. axb4 axb4 40.
Rc6 Bf5 41. Rb6 h5 42. Rxb4 h4 43. Rb8 Kf4 44. Rh8 h3 45. Rh6 Kg3 46. Ke3 h2
47. Rh5 Bg4 48. Rh8 Kg2 49. Kf4 h1=Q 50. Rxh1 Kxh1 51. Kxg4 Kg2 52. Kg5 Kf3 53.
Kf6 d4 54. Kxe6 d3 55. Kf7 d2 56. e6 d1=Q 57. e7 Qd5+ 58. Kf8 Qf5+ 59. Ke8 Qe6
60. Kd8 Qd6+ 61. Ke8 Kf4 62. Kf7 Qd5+ 63. Kf8 Qf5+ 64. Ke8 Qe6 65. Kd8 Qd6+ 66.
Ke8 Kf5 0-1